00290nam a2200109Ia 4500008004100000082001500041100001600056245003300072250001200105260005300117300001000170150201s2012 xx 000 0 und d a5.133bSAL aSalaria,R.S aApplication programming in c a4th Ed. bKhanna Books Publishing Co. Ltd.aN. Delhic2012 a516p.